| 000 | 00474nam a2200121Ia 4500 | ||
|---|---|---|---|
| 008 | 220216s9999 xx 000 0 und d | ||
| 100 | _aJose M.J. | ||
| 245 | 0 | _aImpact of rubber producers societies on rubber plantation industry in Kasaragod district | |
| 260 |
_bDissertation, PG Diploma in Natural Rubber Production, Kerala Agricultural University, Trichur, India, 39 p. _c1991 |
||
| 650 | _aRubber plantation industry | ||
| 650 | _aRubber producers' society | ||
| 942 | _cBS | ||
| 999 |
_c52535 _d52535 |
||